Mechanics of fluids (Record no. 17493)

000 -LEADER
fixed length control field 00472nam a22001937a 4500
001 - CONTROL NUMBER
control field 17493
003 - CONTROL NUMBER IDENTIFIER
control field BD-DhUET
008 - FIXED-LENGTH DATA ELEMENTS--GENERAL INFORMATION
fixed length control field 150324b xxu||||| |||| 00| 0 eng d
040 ## - CATALOGING SOURCE
Transcribing agency 0
Modifying agency BD-DhUET
082 ## - DEWEY DECIMAL CLASSIFICATION NUMBER
Classification number 532
Item number MUR/1952
100 ## - MAIN ENTRY--PERSONAL NAME
Personal name Murphy, Glenn
245 ## - TITLE STATEMENT
Title Mechanics of fluids
250 ## - EDITION STATEMENT
Edition statement 2nd ed.
260 ## - PUBLICATION, DISTRIBUTION, ETC. (IMPRINT)
Place of publication, distribution, etc. Pennsylvania
Name of publisher, distributor, etc. International Textbook
Date of publication, distribution, etc. 1952
300 ## - PHYSICAL DESCRIPTION
Extent ix, 309p.
Other physical details ill.
504 ## - BIBLIOGRAPHY, ETC. NOTE
Bibliography, etc Includes bibliographies
650 #0 - SUBJECT ADDED ENTRY--TOPICAL TERM
Topical term or geographic name as entry element Mechanics
942 ## - ADDED ENTRY ELEMENTS (KOHA)
Koha item type General Book
Holdings
Shelving location Price effective from Koha full call number Copy number Koha item type Date acquired Damaged status Not for loan Withdrawn status Lost status Piece designation (barcode) Koha normalized classification for sorting Location (home branch) Source of classification or shelving scheme Sublocation or collection (holding branch) Koha date last seen
Circulation section2015-03-24532/MUR/19521General Book2015-03-24    1650532_000000000000000_MUR_1952Central Library, BUET Central Library, BUET2015-03-24
Circulation section2015-03-24532/MUR/19522General Book2015-03-24    3380532_000000000000000_MUR_1952Central Library, BUET Central Library, BUET2015-03-24
Circulation section2015-03-24532/MUR/19523General Book2015-03-24    1651532_000000000000000_MUR_1952Central Library, BUET Central Library, BUET2015-03-24
Circulation section2015-03-24532/MUR/19524General Book2015-03-24    1634532_000000000000000_MUR_1952Central Library, BUET Central Library, BUET2015-03-24